000 00345nam a2200145Ia 4500
008 230711s9999||||xx |||||||||||||| ||und||
041 _aENG
082 _a624
_bMA-C
100 _aMartin,Luther H.
245 0 _aConcrete design to BS
250 _a1st Ed.
260 _c1989
_aNew York
_bChapman & Hall
650 _aCivil Engineering
942 _cBK
999 _c478
_d478